000
00344nam a2200133Ia 4500
008
231129s9999||||xx |||||||||||||| ||spa||
020
_a
84-7530-598-8
040
_b
spa
082
_a
659.1 o35c
100
_a
Ogilvy David
245
0
_a
Confesiones de un publicitario
264
_a
Orbis
942
_2
ddc
_c
BKS
999
_c
7898
_d
7898